000
00296nam a22001337a 4500
008
181218b xxu||||| |||| 00| 0 eng d
020
_a
9780471763833
041
_a
eng
080
_a
159.9
100
_a
49
101
_a
PSI
245
_a
Research in Psychology
_c
Goodwin, C.J
942
_2
udc
_c
BK
999
_c
53414
_d
53414